000 00493nam a22001697a 4500
005 20251108171744.0
008 250721s1977 xx 000 0 ara d
082 1 4 _a002.9/محم
100 1 _aحموده، محمود عباس
245 1 0 _aتاريخ الكتاب الإسلامي /
264 1 _aالقاهرة :
_bمكتبة غريب،
_c1977.
300 _a350ص : لوحات : كشافات
650 1 7 _aالكتب
650 1 7 _aالتاريخ
942 _2ddc
_cBK
999 _c61720
_d61720